01781nam a2200373 i 4500003000900000005001700009008004100026017001100067020001500078040004600093041000800139082002600147092000700173099003500180100003900215245009200254264006700346300003000413336002200443337002400465338003300489504006100522546011600583650003500699650003700734651001000771856005700781905001600838942001900854999001700873952017200890952017301062952017201235EG-GICUC20260121101452.0251211m19951996ua ||||f |||| 00| 0 ara d  a955933  a977103446X  a EG-GICUCbarac EG-GICUCd EG-GICUCerda  aara04221a343.6bر م . ج04221  aLaw1 10 343.6 ر م . ج  19960 aرمسيس بهنامeمؤلف.12aالجريمة والمجرم فى الواقع الكونى /cرمسيس بهنام، 1aالإسكندرية :bمنشأت المعارف،c1996.  a481 صفحة ؛c24 سم.  2rda contentatext  2rda mediaaComputer  2rda carrieraOnline Resource  aيحتوي على ارجاعات ببليوجرافية
  aالنص أغلبه باللغة العربية بعض النصوص الإنجليزية والفرنسية14aعلم الإجرام2qrmak14aالواقع الكونى2qrmak1 2qrmak40uhttps://fll.law.cu.edu.eg/fulltext/bks/B10-07182.pdf  a75eHassnaa  2ddccBKe21n0  c49853d49853  00102ddc40718القانون الجنائيaCUbLAW1d2025-12-11l0oLaw1 10	343.6 ر م . ج  1996 1007182	C1pB10-07182r2025-12-11 17:45:42t1w2025-12-11yBK  00102ddc40708القانون الجنائيaCUbLAW1d2025-12-11l0oLaw1 10	343.6 ر م . ج  1996  1007180	C2pB10-07180r2025-12-11 17:46:43t2w2025-12-11yBK  00102ddc40708القانون الجنائيaCUbLAW2d2025-12-11l0oLaw2 10	343.6 ر م . ج  1996 1007243 C3pB10-07243r2025-12-11 17:48:00t3w2025-12-11yBK